Регионална библиотека "Любен Каравелов" - Русе

История за VІІ. клас (Запис номер 360014)

MARC детайли
000 -Лидер
Контролно поле с фиксирана дължина nam a22 a 4500
003 - Код на организацията, давaща контролен номер
Контролно поле BLK
005 - Дата и час на последна редакция
Контролно поле 20221208030956.0
008 - Елементи от данни с фиксирана дължина
fixed length control field 181130b bu a|||cr|||| 00| 0 bu d
020 ## - Международен стандартен номер на книга ISBN
Международен стандартен номер на книга ISBN 9786192222284
040 ## - Източник на каталожния запис
Идентификатор на билиотеката - собственик на записа BLK
041 ## - Код за език
Код за езика на текст/звукозапис или на отделно заглавие Български
Код за езика КДБФ Български
080 ## - УДК
Текстов определител УДК История на Европа в основното училище
УДК код - определител по УДК 372.894
УДК - код + определител 372.894
100 ## - Редна дума - Автор
R(LIN) 254525
Автор Георгиев, Георги Иванов
Авторска отговорност първи автор
139 ## - Редно поле
Редна дума Георгиев, Георги и др.
Авторски знак Георгиев - Г 37
245 ## - Сведения за заглавието
Заглавие История за VІІ. клас
Подзаглавни данни Учебник за ЕСПУ
Редно поле (дума) Георги Георгиев и др.
250 ## - Област на изданието
Сведения за изданието 3. изд.
257 ## - Страна на издаване
Страна на създаване/издаване България
260 ## - Област на издателските данни
9 (RLIN) 403129
Място на издаване, разпространение и проч. София
Име на издателя, разпространителя и проч. Държавно издателство - Народна Просвета
Година на издаване 1985
Печатница София : Д. Благоев
300 ## - Физическа характеристика
Страници 256 с.
Илюстрации и др. с цв. ил.
Размери/Мащаб 21 см
380 ## - Жанр
Жанр Обществени науки
650 #7 - Допълнително описание по предмет – тема
Основно описание – тема или топоним история
9 (RLIN) 157727
653 #7 - Ключова дума – ненормативна
9 (RLIN) 180186
Ключова дума VІІ кл.
653 #7 - Ключова дума – ненормативна
9 (RLIN) 199103
Ключова дума учебници
700 ## - Други автори (авторска отговорност)
Лично име Станчева, Златка
Автороска отговорност (Описва отношението между автора и произведението) съавт.
9 (RLIN) 321720
700 ## - Други автори (авторска отговорност)
Лично име Панайотов, Панайот Дражев
Автороска отговорност (Описва отношението между автора и произведението) съавт.
9 (RLIN) 1445
852 ## - Местоположение
Форматна сигнатура Цб 135634
Фондова буква Хранилище
999 ## - СИСТЕМНИ КОНТРОЛНИ НОМЕРА
Koha biblionumber 360014
Koha biblioitemnumber 360014
942 ## - АРТИКУЛИ
Вид на библиотечния материал Книги
Скрит в OPAC Не
Периодичен библиозапис Да
944 ## - СЪЗДАВАНЕ И РЕДАКЦИЯ на ЗАПИСА
Създаване/Редакция Създаване
Дата на регистрацията/редакция 2020-05-06
Служител, извършил регистрацията/редакцията ИР
Статус, дата на статуса 2020-05-06
Наличности
Код за отписване Код за изгубен артикул Източник на класификационната схема Код за повреда Коз за рестрикции Код за отдаване Артикулен № Име на библиотеката - собственик Име на библиотеката, в която се намира в момента Статус (Текущо местоположение) Дата на вписване в системата Местоположение - отдел Цена в лева Инвентарен номер Систематично азбучна сигнатура Баркод Цена в евро Служебен тип на артикула
  Не е изгубен Universal Decimal Classification Не е повреден само за читалня ползва се в читалня 768182 Регионална библиотека "Любен Каравелов" Русе Регионална библиотека "Любен Каравелов" Русе Хранилище 2020-05-08 Хранилище 1.03 430219 Цб 135634 900000014824 0.53 Книги
Vip Innovations Ltd, Rousse, Bulgaria 2025